[Event "FIDE World Bl Team Final"]
[Site "Almaty KAZ"]
[Date "2024.08.05"]
[Round "1.1"]
[White "Ansat, Aldiyar"]
[Black "Bivol, Alina"]
[Result "1/2-1/2"]
[WhiteTitle "IM"]
[BlackTitle "IM"]
[WhiteElo "2457"]
[BlackElo "2345"]
[WhiteTeam "Kazchess"]
[BlackTeam "Rookies"]
[WhiteFideId "13715658"]
[BlackFideId "4100123"]
[EventDate "2024.08.05"]

1. e4 e5 2. Nf3 Nc6 3. Bb5 a6 4. Ba4 Nf6 5. O-O d6 6. Re1 Bd7 7. c3 g6 8. d4 b5
9. Bb3 Bg7 10. h3 O-O 11. Nbd2 Qe7 12. Nf1 h6 13. Ng3 Kh7 14. a4 Na5 15. Bc2 c5
16. b3 bxa4 17. bxa4 Rfc8 18. Qe2 Be8 19. dxe5 dxe5 20. Nf1 Qe6 21. Rb1 Rab8 22.
Rxb8 Rxb8 23. Ne3 Bc6 24. Nd2 Bd7 25. Ndc4 Nxc4 26. Qxc4 Qxc4 27. Nxc4 Ne8 28.
Ba3 Be6 29. Ne3 Bf8 30. Nd5 Bxd5 31. exd5 Bd6 32. Kf1 Nc7 33. Rd1 Kg7 34. g3 f5
35. Ke2 Kf6 36. h4 e4 37. c4 Ke5 38. a5 Kf6 39. Rb1 Rxb1 40. Bxb1 Ne8 41. Bc2
Nc7 42. Ba4 g5 43. hxg5+ hxg5 44. Bc6 f4 45. g4 Bf8 46. Bb2+ Ke7 47. Be5 Ne8 48.
Bb7 Nd6 49. Bxa6 Nf7 50. Bb8 Kd7 51. Bb7 Bd6 52. Bc6+ Kc8 53. Ba7 Ne5 54. a6
Nxc4 55. Bb7+ Kc7 56. Bc6 Ne5 57. Be8 Nc4 58. Bb5 f3+ 59. Kf1 Ne5 60. Ba4 Nd3
61. Bc2 1/2-1/2

[Event "FIDE World Bl Team Final"]
[Site "Almaty KAZ"]
[Date "2024.08.05"]
[Round "1.1"]
[White "Tregubenko, Nikolay"]
[Black "Assaubayeva, Bibisara"]
[Result "1/2-1/2"]
[BlackTitle "IM"]
[WhiteElo "2023"]
[BlackElo "2470"]
[WhiteTeam "Rookies"]
[BlackTeam "Kazchess"]
[WhiteFideId "34358978"]
[BlackFideId "13708694"]
[EventDate "2024.08.05"]

1. e4 e5 2. Nf3 Nc6 3. d4 exd4 4. Nxd4 Nf6 5. Nxc6 bxc6 6. Nc3 Bb4 7. Bd3 d5 8.
exd5 cxd5 9. O-O O-O 10. Bg5 c6 11. Qf3 Be7 12. h3 h6 13. Bf4 Bd6 14. Rad1 Rb8
15. b3 Rb4 16. Bxd6 Qxd6 17. Ne2 Re8 18. c4 Qc7 19. Rfe1 Ba6 20. cxd5 Bxd3 21.
Qxd3 cxd5 22. Nc3 Rd8 23. Re2 d4 24. Ne4 Nd5 25. Rc2 Qe5 26. Rc5 Qe6 27. Ng3 Nf4
28. Qf5 Qd6 29. Ra5 d3 30. Rxa7 Rf8 31. Ra4 Rxa4 32. bxa4 Qb4 33. Qe4 Qxe4 34.
Nxe4 Ra8 35. Nc5 Ra5 36. Nxd3 Ne2+ 37. Kf1 Nc3 38. Rd2 Rxa4 39. g3 Rxa2 40. Rxa2
Nxa2 1/2-1/2

[Event "FIDE World Bl Team Final"]
[Site "Almaty KAZ"]
[Date "2024.08.05"]
[Round "1.1"]
[White "Kabinazar, Nurmukhammed"]
[Black "Berikkyzy Alanna"]
[Result "1-0"]
[BlackTitle "WCM"]
[WhiteElo "2002"]
[BlackElo "1869"]
[WhiteTeam "Kazchess"]
[BlackTeam "Rookies"]
[WhiteFideId "13750186"]
[BlackFideId "13780719"]
[EventDate "2024.08.05"]

1. e4 c5 2. Nf3 Nc6 3. Bb5 Nf6 4. Qe2 e5 5. Bxc6 dxc6 6. d3 Qc7 7. h3 Be7 8. O-O
O-O 9. a4 a5 10. Nh2 Bd6 11. Bg5 Ne8 12. Nd2 f5 13. exf5 Bxf5 14. Ne4 Bxe4 15.
Qxe4 Nf6 16. Bxf6 Rxf6 17. Nf3 Rf4 18. Qe2 Re8 19. Nd2 Re6 20. Ne4 Bf8 21. Qe3
b6 22. Rfe1 Rg6 23. Kh1 h6 24. Re2 Qd7 25. Rae1 Rf7 26. Nd2 Bd6 27. Nc4 Re7 28.
Nxb6 Qf5 29. Nc4 Bc7 30. Qe4 Qf6 31. Ne3 Rf7 32. Ng4 Qe6 33. Nxe5 Bxe5 34. Qxe5
Qxe5 35. Rxe5 Rxf2 36. R5e2 Rf5 37. Kg1 Rd5 38. Re6 Rd6 39. Rxg6 Rxg6 40. Re8+
Kh7 41. Ra8 Re6 42. Rxa5 Re2 43. Rxc5 Re6 44. a5 1-0

[Event "FIDE World Bl Team Final"]
[Site "Almaty KAZ"]
[Date "2024.08.05"]
[Round "1.1"]
[White "Aitbayev, Aslan"]
[Black "Sadhwani, Raunak"]
[Result "0-1"]
[WhiteTitle "IM"]
[BlackTitle "GM"]
[WhiteElo "2380"]
[BlackElo "2653"]
[WhiteTeam "Astana-2"]
[BlackTeam "Team MGD1"]
[WhiteFideId "13704613"]
[BlackFideId "35093487"]
[EventDate "2024.08.05"]

1. e4 c6 2. d4 d5 3. e5 Bf5 4. Nd2 e6 5. Nb3 Nd7 6. Nf3 h6 7. Be2 Ne7 8. O-O g5
9. Ne1 f6 10. Bd3 g4 11. Bxf5 exf5 12. e6 Nb6 13. Nd3 Ng6 14. Nf4 Nxf4 15. Bxf4
Bd6 16. Qc1 Qc7 17. Bxd6 Qxd6 18. Nc5 O-O-O 19. b3 f4 20. Qd2 f3 21. g3 h5 22.
Qf4 Qxf4 23. gxf4 Kc7 24. Rfe1 Rde8 25. Re3 Nc8 26. Nd7 Rh6 27. Nc5 Nd6 28. c3
b6 29. Nd3 Ne4 30. c4 Rxe6 31. f5 Rd6 32. cxd5 cxd5 33. Nf4 Rh7 34. Rc1+ Kb7 35.
Nxd5 Rxd5 36. Rxe4 Rhd7 37. Rd1 Rxf5 38. h3 Rg5 39. Kh2 f5 40. Re5 Rf7 41. d5
Rgg7 42. d6 Kc6 43. Re6 Kd7 44. Rh6 Rh7 45. Rg6 Rhg7 46. Rh6 f4 47. Rxh5 g3+ 48.
Kg1 Rf6 49. Rh4 b5 50. Rd4 Re6 51. Rd1 Re2 52. Rxf4 gxf2+ 0-1

[Event "FIDE World Bl Team Final"]
[Site "Almaty KAZ"]
[Date "2024.08.05"]
[Round "1.1"]
[White "Narayanan, S.L."]
[Black "Akhmetov, Ayan"]
[Result "1-0"]
[WhiteTitle "GM"]
[BlackTitle "IM"]
[WhiteElo "2649"]
[BlackElo "2380"]
[WhiteTeam "Team MGD1"]
[BlackTeam "Astana-2"]
[WhiteFideId "5058422"]
[BlackFideId "13703706"]
[EventDate "2024.08.05"]

1. d4 Nf6 2. Nf3 e6 3. Bg5 c5 4. d5 Qb6 5. Bxf6 gxf6 6. e4 f5 7. exf5 Bg7 8.
Nbd2 exd5 9. c4 O-O 10. cxd5 d6 11. Bd3 Re8+ 12. Kf1 Qxb2 13. Rb1 Qc3 14. Ne4
Rxe4 15. Bxe4 b6 16. g4 Ba6+ 17. Kg2 Nd7 18. g5 Re8 19. Re1 Bd4 20. f6 Kh8 21.
Rb3 Qa5 22. Nxd4 cxd4 23. Qh5 Rxe4 24. Qh6 Rg4+ 25. Kh3 Nxf6 26. Qxf6+ 1-0

[Event "FIDE World Bl Team Final"]
[Site "Almaty KAZ"]
[Date "2024.08.05"]
[Round "1.1"]
[White "Nugumanov, Bakhtiyar"]
[Black "Pranav, V"]
[Result "0-1"]
[WhiteTitle "IM"]
[BlackTitle "GM"]
[WhiteElo "2288"]
[BlackElo "2598"]
[WhiteTeam "Astana-2"]
[BlackTeam "Team MGD1"]
[WhiteFideId "13701797"]
[BlackFideId "25060783"]
[EventDate "2024.08.05"]

1. d4 Nf6 2. c4 e6 3. Nf3 Bb4+ 4. Bd2 Qe7 5. g3 Nc6 6. Bg2 O-O 7. O-O Bxd2 8.
Qxd2 d6 9. d5 Nd8 10. Nc3 e5 11. e4 a5 12. b3 Nd7 13. Ne1 f5 14. exf5 Nc5 15.
Nd3 Nxd3 16. Qxd3 Bxf5 17. Qe3 Nf7 18. a3 Nh6 19. b4 Bd7 20. Qd3 Qf7 21. c5 axb4
22. Ne4 Bf5 23. cxd6 cxd6 24. axb4 Rxa1 25. Rxa1 Bxe4 26. Bxe4 Qxf2+ 27. Kh1 Ng4
28. Bg2 Qb6 29. Qe2 Nf2+ 30. Kg1 Qd4 31. Rf1 Ng4+ 32. Kh1 Rf2 33. Qb5 Rxf1+ 34.
Bxf1 Qe4+ 35. Kg1 Qe3+ 36. Kg2 Qf2+ 37. Kh3 Nf6 38. Bc4 h5 39. Qxb7 Qf5+ 40. Kg2
Qe4+ 41. Kh3 Qxc4 42. Qb8+ Kh7 43. Qxd6 Qf1+ 44. Kh4 g5+ 0-1

[Event "FIDE World Bl Team Final"]
[Site "Almaty KAZ"]
[Date "2024.08.05"]
[Round "1.1"]
[White "Dronavalli, Harika"]
[Black "Tokbayev, Anuar"]
[Result "1-0"]
[WhiteTitle "GM"]
[WhiteElo "2502"]
[BlackElo "1880"]
[WhiteTeam "Team MGD1"]
[BlackTeam "Astana-2"]
[WhiteFideId "5015197"]
[BlackFideId "13724703"]
[EventDate "2024.08.05"]

1. Nf3 e6 2. c4 d5 3. g3 Nf6 4. Bg2 Be7 5. O-O O-O 6. b3 c5 7. e3 b6 8. Bb2 Bb7
9. Nc3 Nbd7 10. Qe2 Rc8 11. Rfd1 Qc7 12. Rac1 Qb8 13. cxd5 exd5 14. d4 Rfd8 15.
dxc5 Nxc5 16. Nb5 Ba6 17. Nfd4 Qb7 18. a4 Nce4 19. Nf5 Qd7 20. Rxc8 Rxc8 21.
Bxe4 Nxe4 22. Qg4 Ng5 23. Nh6+ 1-0

[Event "FIDE World Bl Team Final"]
[Site "Almaty KAZ"]
[Date "2024.08.05"]
[Round "1.1"]
[White "Altynbek, Aiaru"]
[Black "Shah Mihir"]
[Result "1/2-1/2"]
[WhiteTitle "WFM"]
[WhiteElo "1990"]
[BlackElo "1801"]
[WhiteTeam "Astana-2"]
[BlackTeam "Team MGD1"]
[WhiteFideId "13752472"]
[BlackFideId "46628878"]
[EventDate "2024.08.05"]

1. d4 Nf6 2. c4 g6 3. Nc3 d5 4. cxd5 Nxd5 5. e4 Nxc3 6. bxc3 Bg7 7. Nf3 c5 8.
Bb5+ Nc6 9. O-O O-O 10. Bxc6 bxc6 11. Qc2 Qa5 12. Be3 Ba6 13. Rfd1 cxd4 14. cxd4
c5 15. Bd2 Qa3 16. Bc1 Qa5 17. Bd2 Qd8 18. Be3 cxd4 19. Nxd4 Qc8 20. Qa4 Qc4 21.
Qxc4 Bxc4 22. Rdc1 Bd3 23. f3 Rfd8 24. Nc6 Rd7 25. e5 Bb5 26. f4 a6 27. a4 Be2
28. Kf2 Bg4 29. Ra3 f6 30. Rac3 Kf7 31. h3 Be6 32. g4 h5 33. Kg3 hxg4 34. hxg4
g5 35. f5 Bd5 36. e6+ Bxe6 37. fxe6+ Kxe6 38. Nd4+ Kf7 39. Nf5 Bf8 40. Rc7 Rad8
41. Rxd7 Rxd7 42. Rc6 e6 43. Nd4 Bd6+ 44. Kf3 a5 45. Ra6 Bc5 46. Nc2 Be7 47.
Rxa5 Rd3 48. Ke2 Rc3 49. Kd2 Rb3 50. Rb5 Rxb5 51. axb5 Bd8 52. b6 Bxb6 53. Bxb6
f5 54. gxf5 exf5 55. Ke3 Ke6 56. Nd4+ Ke5 57. Bc7+ Kd5 58. Nxf5 Ke6 59. Ke4 g4
60. Nh6 g3 61. Bxg3 Kf6 62. Be5+ Ke6 63. Nf5 Kf7 64. Nh4 Ke6 65. Nf3 Kf7 66. Kf5
Ke7 67. Nd4 Kd7 68. Kf6 Ke8 69. Ke6 Kd8 70. Nb5 Kc8 71. Kd6 Kb7 72. Kc5 Ka6 73.
Bc3 Kb7 74. Ba5 Ka6 75. Bd8 Kb7 76. Nd6+ Ka6 77. Bc7 Ka7 78. Kb5 Ka8 79. Kc6 Ka7
80. Bb6+ Ka6 81. Bc5 Ka5 82. Nc4+ Ka6 83. Nb6 Ka7 84. Bb4 1/2-1/2

[Event "FIDE World Bl Team Final"]
[Site "Almaty KAZ"]
[Date "2024.08.05"]
[Round "1.1"]
[White "Isanzhulov, Arystan"]
[Black "Nihal, Sarin"]
[Result "0-1"]
[WhiteTitle "IM"]
[BlackTitle "GM"]
[WhiteElo "2401"]
[BlackElo "2668"]
[WhiteTeam "Teniz Kazakhstan"]
[BlackTeam "Ashdod Chess Club"]
[WhiteFideId "13711644"]
[BlackFideId "25092340"]
[EventDate "2024.08.05"]

1. e4 e5 2. Nf3 Nc6 3. Nc3 Nf6 4. g3 d5 5. exd5 Nxd5 6. Bg2 Nxc3 7. bxc3 Bc5 8.
O-O O-O 9. d3 h6 10. Qe1 Re8 11. Qe4 Qf6 12. Nh4 Bb6 13. Be3 g5 14. Nf3 Bf5 15.
Qc4 e4 16. Nd4 Nxd4 17. Bxd4 Bxd4 18. cxd4 exd3 19. cxd3 Rad8 20. Qxc7 Rd7 21.
Qc3 Kg7 22. a4 b6 23. a5 Qxd4 24. Qxd4+ Rxd4 25. axb6 axb6 26. Rfb1 Re6 27. Rb3
Rxd3 28. Rb5 Rf6 29. Rb2 Bd7 30. Bf1 Rd5 31. Rab1 Rdd6 32. Rc1 h5 33. Rcb1 h4
34. Rb4 h3 35. R4b2 g4 36. Be2 Kh6 37. Rb4 Kg5 38. R4b2 Rfe6 39. Rc1 Re5 40. Ra1
Rc5 41. f3 f5 42. fxg4 fxg4 43. Rf1 b5 44. Rb4 Re5 45. Rb2 b4 46. Rfb1 Bf5 47.
Rc1 b3 48. Bc4 Rc6 49. Rxb3 Rec5 50. Rb4 Be6 51. Bxe6 Rxc1+ 52. Kf2 R1c2+ 53.
Kg1 Rxe6 0-1

[Event "FIDE World Bl Team Final"]
[Site "Almaty KAZ"]
[Date "2024.08.05"]
[Round "1.1"]
[White "Eljanov, Pavel"]
[Black "Ismagambetov, Anuar"]
[Result "1/2-1/2"]
[WhiteTitle "GM"]
[BlackTitle "GM"]
[WhiteElo "2672"]
[BlackElo "2520"]
[WhiteTeam "Ashdod Chess Club"]
[BlackTeam "Teniz Kazakhstan"]
[WhiteFideId "14102951"]
[BlackFideId "13701525"]
[EventDate "2024.08.05"]

1. d4 Nf6 2. c4 g6 3. Nc3 Bg7 4. e4 d6 5. h3 O-O 6. Be3 e5 7. d5 a5 8. Nge2 Na6
9. g4 Nc5 10. Ng3 c6 11. Be2 Bd7 12. g5 Ne8 13. h4 cxd5 14. cxd5 a4 15. h5 Qa5
16. Bd2 Qa7 17. Kf1 f6 18. hxg6 hxg6 19. gxf6 Nxf6 20. Be3 Rf7 21. Kg2 Raf8 22.
b4 axb3 23. axb3 Qb6 24. Na4 Bxa4 25. bxa4 Qb4 26. f3 Nfd7 27. Rb1 Qxa4 28. Qxa4
Nxa4 29. Rxb7 Ndc5 30. Rxf7 Kxf7 31. Rb1 Nc3 32. Rb2 Nxe2 33. Rxe2 Nd3 34. Ra2
Rb8 35. Ne2 Rb7 36. Ra3 Ne1+ 37. Kf2 Nc2 38. Ra7 Rxa7 39. Bxa7 Nb4 40. Nc3 Nd3+
41. Ke2 Nf4+ 42. Kd2 Ke7 43. Nb5 Kd7 44. Be3 Nh5 45. Na3 Bf6 46. Nc4 Bh4 47. Kc3
Bd8 48. Kb4 Ng3 49. Kb5 Be7 50. Kb6 Bd8+ 51. Kb7 Nf1 52. Bg1 Ng3 53. Bf2 Ne2 54.
Nb2 Nf4 55. Be3 Ng2 56. Bf2 Nf4 57. Nc4 Nd3 58. Bg3 Nc5+ 59. Ka7 Nb3 60. Ka6 Nd4
61. Nd2 Bg5 62. Nc4 Nxf3 63. Kb5 Nd2 64. Nxd2 Bxd2 65. Kc4 g5 66. Kd3 Bf4 67.
Be1 g4 68. Bh4 Kc7 69. Ke2 Kb6 70. Be7 Kc5 71. Kd3 Bc1 72. Bh4 Ba3 73. Bf2+ Kb4
74. Bb6 Kb3 75. Bf2 Kb2 76. Kd2 Bb4+ 77. Kd3 Kc1 78. Ke2 Kc2 79. Bg3 Bc5 80. Be1
Ba3 81. Ba5 Kb3 82. Kd3 Bc5 83. Be1 Kb2 84. Ke2 Kc2 85. Ba5 Kb3 86. Be1 Kc4 87.
Bh4 Ba3 88. Bf2 Bb4 89. Be3 Bc5 90. Bg5 Kd4 91. Be3+ Kc4 92. Bg5 Kc3 93. Bd2+
Kd4 94. Be3+ Kxe4 95. Bxc5 Kxd5 96. Bb4 Ke6 97. Ke3 d5 98. Be1 Kf5 99. Bg3 Ke6
100. Kd3 Kd6 101. Ke3 Ke6 102. Kd3 Kf5 103. Ke3 1/2-1/2

[Event "FIDE World Bl Team Final"]
[Site "Almaty KAZ"]
[Date "2024.08.05"]
[Round "1.1"]
[White "Sapenov, Daniyal"]
[Black "Volokitin, Andrei"]
[Result "1-0"]
[WhiteTitle "FM"]
[BlackTitle "GM"]
[WhiteElo "2311"]
[BlackElo "2667"]
[WhiteTeam "Teniz Kazakhstan"]
[BlackTeam "Ashdod Chess Club"]
[WhiteFideId "13728911"]
[BlackFideId "14107090"]
[EventDate "2024.08.05"]

1. e4 c5 2. Nf3 d6 3. d4 cxd4 4. Nxd4 Nf6 5. Nc3 a6 6. Bc4 e6 7. a3 Be7 8. Qe2
b5 9. Bb3 O-O 10. f3 Bb7 11. Be3 Nbd7 12. O-O-O Nc5 13. Kb1 Qa5 14. g4 b4 15.
axb4 Qxb4 16. h4 a5 17. g5 Nfd7 18. Qb5 Ne5 19. Rh3 Nxb3 20. cxb3 Rfb8 21. Qxb4
axb4 22. Na4 d5 23. Bf4 Bd6 24. Nb5 Nd3 25. Bxd6 Nf2 26. Bxb8 Rxb8 27. Rhh1 Nxh1
28. Rxh1 dxe4 29. Nd6 Bc6 30. Nxe4 Rd8 31. Rc1 Bb5 32. Nac5 Be2 33. f4 Bg4 34.
Re1 Bf5 35. Kc2 Rc8 36. Kd2 Rd8+ 37. Ke3 h5 38. Rc1 Kh7 39. Rc4 Rd1 40. Rxb4
Re1+ 41. Kf2 Rb1 42. Rb8 Rxb2+ 43. Ke3 Rh2 44. b4 Rxh4 45. b5 Rh3+ 46. Kd4 Rh1
47. b6 Rd1+ 48. Ke3 h4 49. b7 Rb1 50. Rc8 h3 51. b8=Q 1-0

[Event "FIDE World Bl Team Final"]
[Site "Almaty KAZ"]
[Date "2024.08.05"]
[Round "1.1"]
[White "Smirin, Ilia"]
[Black "Mamedov, Edgar"]
[Result "1/2-1/2"]
[WhiteTitle "GM"]
[BlackTitle "FM"]
[WhiteElo "2575"]
[BlackElo "2443"]
[WhiteTeam "Ashdod Chess Club"]
[BlackTeam "Teniz Kazakhstan"]
[WhiteFideId "2801990"]
[BlackFideId "13739980"]
[EventDate "2024.08.05"]

1. e4 c5 2. Nf3 Nc6 3. Bb5 e6 4. O-O Nge7 5. c3 a6 6. Ba4 b5 7. Bc2 Bb7 8. Re1
Rc8 9. a4 Ng6 10. Na3 Qb6 11. axb5 axb5 12. d4 cxd4 13. cxd4 Be7 14. Be3 Nb4 15.
Bb1 O-O 16. Qd2 Qc6 17. h4 f5 18. d5 Qc7 19. Nxb5 Qc4 20. Na3 Qc7 21. exf5 exf5
22. h5 Nh8 23. Bf4 Bd6 24. Bxd6 Qxd6 25. h6 Ng6 26. hxg7 Rf7 27. Nb5 Qc5 28. Nc3
Rxg7 29. Bxf5 Nxd5 30. Nxd5 Qxd5 31. Qxd5+ Bxd5 32. Be4 Be6 33. Nd4 Nf4 34. Nxe6
dxe6 35. g3 Nh3+ 36. Kg2 Ng5 37. Ra8 Rxa8 38. Bxa8 Ra7 39. Bc6 Ra6 40. Re5 h6
41. Bb5 Ra2 42. Bc4 Rxb2 43. Bxe6+ Kg7 44. Bg4 Kf6 45. Re2 Rb4 46. f4 Ne4 47.
Bf3 Nd6 48. Rd2 Nf5 49. Kf2 Rb3 50. Be4 1/2-1/2

[Event "FIDE World Bl Team Final"]
[Site "Almaty KAZ"]
[Date "2024.08.05"]
[Round "1.1"]
[White "Balabayeva, Xeniya"]
[Black "Khotenashvili, Bella"]
[Result "0-1"]
[WhiteTitle "WIM"]
[BlackTitle "GM"]
[WhiteElo "2335"]
[BlackElo "2427"]
[WhiteTeam "Teniz Kazakhstan"]
[BlackTeam "Ashdod Chess Club"]
[WhiteFideId "13719688"]
[BlackFideId "13602640"]
[EventDate "2024.08.05"]

1. d4 g6 2. e4 c6 3. Nc3 d5 4. Nf3 Bg7 5. h3 Nh6 6. Be2 O-O 7. O-O f6 8. Bf4 Nf7
9. Bh2 Na6 10. exd5 cxd5 11. Re1 Nb4 12. a3 Nc6 13. Qd2 a6 14. Rad1 e6 15. Bf1
Nd6 16. Bxd6 Qxd6 17. Na4 b5 18. Nc3 Bd7 19. Na2 Rfe8 20. Nc1 Re7 21. Nb3 Be8
22. g3 Bf7 23. Bg2 a5 24. Nc1 Rd8 25. b4 axb4 26. axb4 Qxb4 27. c3 Qd6 28. Nd3
e5 29. Nc5 e4 30. Nh2 Na5 31. Qb2 Rb8 32. Qb4 Nc4 33. Nf1 Bf8 34. Ra1 Rc7 35.
Ne3 Qd8 36. Ra6 Kg7 37. Ng4 Be7 38. h4 h5 39. Ne3 Qc8 40. Kh2 Bxc5 41. dxc5 Qxa6
42. Bh3 Nxe3 0-1

[Event "FIDE World Bl Team Final"]
[Site "Almaty KAZ"]
[Date "2024.08.05"]
[Round "1.1"]
[White "Tanikin, Isabek"]
[Black "Fedorov, Grigory"]
[Result "0-1"]
[WhiteElo "1952"]
[BlackElo "1904"]
[WhiteTeam "Ashdod Chess Club"]
[BlackTeam "Teniz Kazakhstan"]
[WhiteFideId "13728717"]
[BlackFideId "4123530"]
[EventDate "2024.08.05"]

1. e4 e6 2. d4 d5 3. Nd2 Be7 4. Ngf3 Nf6 5. e5 Nfd7 6. c3 c5 7. Bd3 b6 8. O-O
Ba6 9. Bxa6 Nxa6 10. Qe2 Qc8 11. Nb3 O-O 12. Bg5 Bxg5 13. Nxg5 h6 14. Nf3 c4 15.
Nbd2 b5 16. a3 Nb6 17. Nh4 Na4 18. Rab1 Qd8 19. g3 Nb8 20. f4 Nc6 21. f5 exf5
22. Nxf5 Qg5 23. Ne3 Rad8 24. Rf5 Qg6 25. Rf4 Ne7 26. Rg4 Qe6 27. Ng2 f5 28. Rf4
Ng6 29. Rf2 Rf7 30. Nf4 Nxf4 31. gxf4 g5 32. Rg2 g4 33. Nf3 Kh7 34. Nd2 h5 35.
Qf2 Qh6 36. Nf1 h4 37. h3 Rg8 38. Kh1 Rfg7 39. Ne3 Qh5 40. Rbg1 g3 41. Qe2 Qxe2
42. Rxe2 Kg6 43. Nxd5 Rd8 44. Ne7+ Rxe7 45. Kg2 Nb6 46. Kf3 Nd5 47. a4 b4 48.
cxb4 Nxb4 49. Rc1 Rxd4 50. a5 Rd3+ 51. Kg2 Rd4 52. Rc3 Nd3 53. Rec2 Nxf4+ 54.
Kf3 Nd5 55. Rxc4 Rxc4 56. Rxc4 g2 57. Rc6+ Kg5 58. Kxg2 Rxe5 59. Rc4 Ne3+ 0-1

[Event "FIDE World Bl Team Final"]
[Site "Almaty KAZ"]
[Date "2024.08.05"]
[Round "1.1"]
[White "Niemann, Hans Moke"]
[Black "Sindarov, Javokhir"]
[Result "1/2-1/2"]
[WhiteTitle "GM"]
[BlackTitle "GM"]
[WhiteElo "2711"]
[BlackElo "2674"]
[WhiteTeam "GMHans.com"]
[BlackTeam "Royal Chess"]
[WhiteFideId "2093596"]
[BlackFideId "14205483"]
[EventDate "2024.08.05"]

1. e4 e5 2. Nf3 Nc6 3. Bc4 Nf6 4. d3 h6 5. c3 d6 6. a4 g5 7. Qb3 Qd7 8. a5 Bg7
9. O-O O-O 10. Nbd2 Ne7 11. a6 b6 12. Re1 c6 13. Qc2 Ng6 14. Nf1 d5 15. Bb3 Qc7
16. Ng3 Bg4 17. Nd2 Rad8 18. Ndf1 Rfe8 19. Ne3 Be6 20. Nef5 Bf8 21. Be3 Nf4 22.
Rad1 Qc8 23. Ra1 Kh7 24. h4 dxe4 25. dxe4 Bxb3 26. Qxb3 Qe6 27. Qc2 Qc4 28. hxg5
hxg5 29. Red1 Kg8 30. b3 Qe6 31. Rxd8 Rxd8 32. Rd1 Qc8 33. Rxd8 Qxd8 34. c4 Bb4
35. Bxf4 gxf4 36. Nf1 Kf8 37. Nh2 Bc5 38. Kf1 Qc8 39. Qd3 Qd7 40. Qxd7 Nxd7 41.
Ng4 f6 42. Ke2 Kf7 43. Ngh6+ Kg6 44. Ng8 Kf7 45. Ngh6+ Kg6 46. Ng8 Kf7 47. Ngh6+ 1/2-1/2

[Event "FIDE World Bl Team Final"]
[Site "Almaty KAZ"]
[Date "2024.08.05"]
[Round "1.1"]
[White "Vokhidov, Shamsiddin"]
[Black "Tabatabaei, M. Amin"]
[Result "0-1"]
[WhiteTitle "GM"]
[BlackTitle "GM"]
[WhiteElo "2643"]
[BlackElo "2712"]
[WhiteTeam "Royal Chess"]
[BlackTeam "GMHans.com"]
[WhiteFideId "14204223"]
[BlackFideId "12521213"]
[EventDate "2024.08.05"]

1. e4 e5 2. Nf3 Nc6 3. Bc4 Bc5 4. c3 Nf6 5. d4 exd4 6. cxd4 Bb4+ 7. Nbd2 Bxd2+
8. Bxd2 Nxe4 9. d5 Nxd2 10. Qxd2 Ne7 11. h4 d6 12. h5 h6 13. O-O-O Bg4 14. Qd4
Bxf3 15. gxf3 Kf8 16. Rhg1 Nf5 17. Qe4 Qf6 18. Bd3 Nd4 19. Rg4 Nxf3 20. Rf4 Ng5
21. Qb4 a5 22. Qd2 Qe7 23. Rc4 Nf3 24. Qc3 Rc8 25. Bf5 Qg5+ 26. Qe3 Qxf5 27. Rf4
Qxh5 28. Rxf3 Re8 29. Qc3 Re7 30. Rg1 Qe5 31. Qxa5 g6 32. Rxg6 Qe1+ 33. Qxe1
Rxe1+ 34. Kd2 Re5 35. Rgf6 Rxd5+ 36. Kc3 Rh7 37. Rh3 h5 38. Rf4 Re5 39. a4 Ke7
40. b4 Ke6 41. Kb3 Rf5 42. Re3+ Kf6 43. Rc4 c6 44. a5 Rxf2 45. a6 bxa6 46. Rxc6
h4 47. Rxd6+ Kg5 48. Rh3 Kg4 49. Rh1 h3 50. Rxa6 h2 51. b5 Rg2 52. Raa1 Rh6 53.
Ka4 f5 54. Ka5 Rb2 55. Ra4+ f4 56. Rf1 h1=Q 57. Raxf4+ Kg3 58. Rxh1 Rxh1 59. Rf5
Rhb1 60. Kb6 Kg4 61. Rc5 Kf4 62. Kc6 Ke4 63. Rh5 Kd4 64. Rh4+ Ke5 65. Rh5+ Ke6
66. Rh6+ Ke7 67. Rh7+ Kf6 68. Rh5 Rc2+ 69. Kb6 Ke6 70. Rg5 Kd6 71. Rh5 Re2 72.
Ka6 Re5 73. Rh6+ Re6 74. Rh5 Kc7+ 75. Ka5 Ra1+ 0-1

[Event "FIDE World Bl Team Final"]
[Site "Almaty KAZ"]
[Date "2024.08.05"]
[Round "1.1"]
[White "Hong, Andrew"]
[Black "Yakubboev, Nodirbek"]
[Result "0-1"]
[WhiteTitle "GM"]
[BlackTitle "GM"]
[WhiteElo "2572"]
[BlackElo "2655"]
[WhiteTeam "GMHans.com"]
[BlackTeam "Royal Chess"]
[WhiteFideId "2099438"]
[BlackFideId "14203987"]
[EventDate "2024.08.05"]

1. e4 e5 2. Nf3 Nc6 3. Bc4 Nf6 4. d3 Be7 5. O-O O-O 6. Nc3 d6 7. a4 Na5 8. Ba2
Nc6 9. h3 Be6 10. Bxe6 fxe6 11. Ne2 Qd7 12. Ng3 a5 13. c3 h6 14. Re1 Rf7 15. d4
exd4 16. cxd4 Nb4 17. Bd2 d5 18. Ne5 Qe8 19. Nxf7 Qxf7 20. exd5 Nfxd5 21. Ra3
Nc6 22. Rf3 Qg6 23. Ne4 Nxd4 24. Rg3 Qf7 25. Qg4 Nf5 26. Rb3 b6 27. Ng3 Nf6 28.
Qf3 Rd8 29. Nxf5 exf5 30. Rd3 Ne4 31. Rxd8+ Bxd8 32. Be3 Be7 33. Rd1 Bd6 34. g4
Qb3 35. Kg2 Qxa4 36. Rd4 Qb3 37. Qxf5 Nc5 38. Rd5 Qxb2 39. Qg6 Qf6 40. Qxf6 gxf6
41. Bxh6 a4 42. Bc1 Kf7 43. h4 Nb3 44. Bb2 Ke6 45. Rd3 c5 46. h5 Bf4 47. Rf3 Bg5
48. h6 Kf7 49. h7 Kg7 50. Rf5 Kxh7 51. f4 Bh6 52. Rxf6 b5 53. f5 Be3 54. Rf7+
Kg8 55. Rb7 b4 56. f6 Bd4 57. f7+ Kf8 58. Bxd4 Nxd4 59. g5 Ne6 60. g6 Nf4+ 61.
Kf3 Nxg6 62. Ke4 Ne7 63. Kd3 a3 64. Kc4 Nc6 65. Rb6 Na5+ 66. Kxc5 a2 67. Kxb4 0-1

[Event "FIDE World Bl Team Final"]
[Site "Almaty KAZ"]
[Date "2024.08.05"]
[Round "1.1"]
[White "Vakhidov, Jakhongir"]
[Black "Dardha, Daniel"]
[Result "0-1"]
[WhiteTitle "GM"]
[BlackTitle "GM"]
[WhiteElo "2571"]
[BlackElo "2608"]
[WhiteTeam "Royal Chess"]
[BlackTeam "GMHans.com"]
[WhiteFideId "14201801"]
[BlackFideId "240990"]
[EventDate "2024.08.05"]

1. c4 e5 2. Nc3 Nf6 3. Nf3 e4 4. Ng5 c6 5. Ngxe4 Nxe4 6. Nxe4 d5 7. cxd5 cxd5 8.
Ng3 h5 9. e3 Nc6 10. d4 h4 11. Ne2 Bf5 12. Nc3 Bd6 13. Bd3 Bxd3 14. Qxd3 h3 15.
g3 Qf6 16. f4 Bb4 17. Bd2 Bxc3 18. bxc3 O-O 19. O-O Rfe8 20. Rab1 Na5 21. Rfe1
Qc6 22. Qb5 Qe6 23. e4 Qg4 24. exd5 Qf3 25. Qf1 Qxd5 26. Rb5 Qxa2 27. Qf2 Nc4
28. Rxe8+ Rxe8 29. Be1 Rxe1+ 0-1